[Event "World Chess Olympiad 2018"]
[Site "Batumi"]
[Date "2018.09.26"]
[Round "3"]
[Board "4"]
[WhiteFideId "950122"]
[White "Ivic Velimir"]
[BlackFideId "4657101"]
[Black "Svane Rasmus"]
[Result "1/2-1/2"]
[LiveChessVersion "1.4.8"]
[BlackElo "2595"]
[WhiteElo "2472"]

1. e4 {[%clk 1:30:53]} c6 {[%clk 1:30:58]} 2. d4 {[%clk 1:31:17]} d5
{[%clk 1:31:26]} 3. Nd2 {[%clk 1:31:39]} dxe4 {[%clk 1:31:39]} 4. Nxe4
{[%clk 1:32:03]} Bf5 {[%clk 1:32:01]} 5. Ng3 {[%clk 1:32:26]} Bg6
{[%clk 1:32:25]} 6. h4 {[%clk 1:32:41]} h6 {[%clk 1:32:49]} 7. Nf3
{[%clk 1:33:04]} e6 {[%clk 1:30:32]} 8. Ne5 {[%clk 1:32:45]} Bh7 {[%clk 1:30:56]}
9. Bd3 {[%clk 1:33:08]} Bxd3 {[%clk 1:31:24]} 10. Qxd3 {[%clk 1:33:30]} Nd7
{[%clk 1:31:49]} 11. f4 {[%clk 1:32:30]} Be7 {[%clk 1:29:43]} 12. Nh5
{[%clk 1:31:45]} Ngf6 {[%clk 1:29:41]} 13. Nxg7+ {[%clk 1:31:46]} Kf8
{[%clk 1:30:03]} 14. Nxe6+ {[%clk 1:32:07]} fxe6 {[%clk 1:30:28]} 15. Bd2
{[%clk 1:31:26]} Rh7 {[%clk 1:28:11]} 16. O-O-O {[%clk 1:28:11]} Kg8
{[%clk 1:25:02]} 17. Qh3 {[%clk 1:28:12]} Nf8 {[%clk 1:15:47]} 18. f5
{[%clk 1:28:08]} exf5 {[%clk 1:04:14]} 19. Qxf5 {[%clk 1:19:10]} Qd5
{[%clk 1:03:41]} 20. Rde1 {[%clk 1:09:43]} Qxa2 {[%clk 0:30:12]} 21. c4
{[%clk 1:08:15]} a5 {[%clk 0:23:31]} 22. Rh3 {[%clk 0:41:04]} Rg7
{[%clk 0:15:39]} 23. Ree3 {[%clk 0:28:56]} Qa1+ {[%clk 0:13:17]} 24. Kc2
{[%clk 0:29:10]} Qa4+ {[%clk 0:13:21]} 25. Kc1 {[%clk 0:25:06]} Qa1+
{[%clk 0:13:36]} 26. Kc2 {[%clk 0:25:26]} Qa4+ {[%clk 0:13:45]} 27. Kc1
{[%clk 0:25:49]} Qa1+ {[%clk 0:06:20]} 28. Kc2 {[%clk 0:26:07]} Qa4+ 1/2-1/2

[Event "World Chess Olympiad 2018"]
[Site "Batumi"]
[Date "2018.09.26"]
[Round "3"]
[Board "1"]
[WhiteFideId "5201268"]
[White "Sadorra Julio Catalino"]
[BlackFideId "14508150"]
[Black "Saric Ivan"]
[Result "1/2-1/2"]
[LiveChessVersion "1.4.8"]
[BlackElo "2689"]
[WhiteElo "2553"]

1. Nf3 {[%clk 1:30:56]} d5 {[%clk 1:30:56]} 2. c4 {[%clk 1:30:40]} d4
{[%clk 1:30:42]} 3. b4 {[%clk 1:30:48]} Bg4 {[%clk 1:31:02]} 4. Qb3
{[%clk 1:30:56]} a5 {[%clk 1:30:26]} 5. b5 {[%clk 1:31:02]} e6 {[%clk 1:28:59]}
6. g3 {[%clk 1:25:07]} a4 {[%clk 1:29:04]} 7. Qd3 {[%clk 1:25:23]} c5
{[%clk 1:22:11]} 8. Bg2 {[%clk 1:17:13]} Nd7 {[%clk 1:16:46]} 9. Qc2
{[%clk 1:14:39]} Bd6 {[%clk 1:15:57]} 10. O-O {[%clk 1:12:37]} h5
{[%clk 1:12:15]} 11. d3 {[%clk 1:05:21]} h4 {[%clk 1:02:47]} 12. Nxh4
{[%clk 1:03:51]} Rxh4 {[%clk 1:01:15]} 13. gxh4 {[%clk 1:04:12]} Qxh4
{[%clk 1:01:19]} 14. f4 {[%clk 1:04:18]} Nh6 {[%clk 0:54:43]} 15. e4
{[%clk 0:52:47]} dxe3 {[%clk 0:54:58]} 16. Bxe3 {[%clk 0:53:12]} Ke7
{[%clk 0:45:31]} 17. Bf2 {[%clk 0:29:31]} Qh5 {[%clk 0:45:08]} 18. Bg3
{[%clk 0:29:56]} Nf5 {[%clk 0:44:29]} 19. Nc3 {[%clk 0:24:27]} Rh8
{[%clk 0:29:41]} 20. Ne4 {[%clk 0:20:00]} Nf6 {[%clk 0:21:46]} 21. Nxd6
{[%clk 0:14:45]} Nxg3 {[%clk 0:21:13]} 22. hxg3 {[%clk 0:14:46]} Qh2+
{[%clk 0:19:51]} 23. Kf2 {[%clk 0:15:11]} Bh3 {[%clk 0:13:35]} 24. Kf3
{[%clk 0:12:30]} Bg4+ {[%clk 0:12:51]} 25. Kf2 {[%clk 0:12:55]} Rh3
{[%clk 0:10:29]} 26. Nc8+ {[%clk 0:08:22]} Kd8 {[%clk 0:10:58]} 27. Rh1
{[%clk 0:08:48]} Qxg3+ {[%clk 0:11:23]} 28. Kg1 {[%clk 0:09:17]} Rxh1+
{[%clk 0:10:58]} 29. Kxh1 {[%clk 0:09:44]} Kxc8 {[%clk 0:08:46]} 30. Rf1
{[%clk 0:09:48]} Bh3 {[%clk 0:07:23]} 31. Rf3 {[%clk 0:08:28]} Qe1+
{[%clk 0:07:40]} 32. Rf1 {[%clk 0:08:12]} Qg3 {[%clk 0:07:07]} 33. Rf3
{[%clk 0:08:22]} Qe1+ {[%clk 0:07:20]} 34. Rf1 {[%clk 0:08:43]} Qg3
{[%clk 0:04:39]} 35. Rf3 1/2-1/2

[Event "World Chess Olympiad 2018"]
[Site "Batumi"]
[Date "2018.09.26"]
[Round "3"]
[Board "2"]
[WhiteFideId "14507927"]
[White "Bosiocic Marin"]
[BlackFideId "5201381"]
[Black "Gomez John Paul"]
[Result "1/2-1/2"]
[LiveChessVersion "1.4.8"]
[BlackElo "2464"]
[WhiteElo "2600"]

1. d4 {[%clk 1:30:51]} Nf6 {[%clk 1:30:46]} 2. Nf3 {[%clk 1:31:10]} g6
{[%clk 1:30:39]} 3. c4 {[%clk 1:31:12]} Bg7 {[%clk 1:31:00]} 4. Nc3
{[%clk 1:31:32]} d5 {[%clk 1:31:21]} 5. cxd5 {[%clk 1:31:03]} Nxd5
{[%clk 1:31:40]} 6. e4 {[%clk 1:31:28]} Nxc3 {[%clk 1:32:02]} 7. bxc3
{[%clk 1:31:52]} c5 {[%clk 1:32:10]} 8. Be3 {[%clk 1:32:05]} Qa5 {[%clk 1:29:44]}
9. Qd2 {[%clk 1:32:27]} Nc6 {[%clk 1:29:02]} 10. Rc1 {[%clk 1:31:17]} cxd4
{[%clk 1:24:36]} 11. cxd4 {[%clk 1:31:29]} Qxd2+ {[%clk 1:24:55]} 12. Kxd2
{[%clk 1:31:51]} O-O {[%clk 1:25:15]} 13. Bd3 {[%clk 1:17:59]} Rd8
{[%clk 1:21:05]} 14. Rc4 {[%clk 1:16:23]} f5 {[%clk 1:12:35]} 15. exf5
{[%clk 1:08:52]} Bxf5 {[%clk 1:12:22]} 16. Bxf5 {[%clk 0:57:29]} gxf5
{[%clk 1:11:01]} 17. Rb1 {[%clk 0:56:35]} Rd5 {[%clk 0:57:20]} 18. Ke2
{[%clk 0:51:24]} Rad8 {[%clk 0:56:07]} 19. g3 {[%clk 0:48:14]} R8d7
{[%clk 0:53:49]} 20. a4 {[%clk 0:45:53]} e6 {[%clk 0:42:52]} 21. Rb5
{[%clk 0:46:05]} R5d6 {[%clk 0:42:17]} 22. Kf1 {[%clk 0:40:37]} Nxd4
{[%clk 0:33:54]} 23. Nxd4 {[%clk 0:39:38]} Bxd4 {[%clk 0:34:15]} 24. Rxd4
{[%clk 0:40:00]} Rxd4 {[%clk 0:34:38]} 25. Bxd4 {[%clk 0:40:22]} Rxd4
{[%clk 0:35:03]} 26. Rxb7 {[%clk 0:40:46]} Rxa4 {[%clk 0:35:20]} 27. Re7
{[%clk 0:39:42]} Ra6 {[%clk 0:32:23]} 28. Kg2 {[%clk 0:37:39]} h6
{[%clk 0:31:15]} 29. h3 {[%clk 0:36:27]} Kf8 {[%clk 0:28:52]} 30. Rh7
{[%clk 0:36:47]} e5 {[%clk 0:28:47]} 31. g4 {[%clk 0:35:41]} fxg4
{[%clk 0:26:26]} 32. hxg4 {[%clk 0:36:07]} Rg6 {[%clk 0:26:02]} 33. f3
{[%clk 0:35:57]} e4 {[%clk 0:22:43]} 34. Rxa7 {[%clk 0:36:05]} exf3+
{[%clk 0:23:08]} 35. Kxf3 {[%clk 0:36:27]} Rf6+ {[%clk 0:22:50]} 36. Kg3
{[%clk 0:35:39]} Rf7 {[%clk 0:23:06]} 37. Rxf7+ {[%clk 0:35:22]} Kxf7
{[%clk 0:23:29]} 38. Kf4 1/2-1/2

[Event "World Chess Olympiad 2018"]
[Site "Batumi"]
[Date "2018.09.26"]
[Round "3"]
[Board "3"]
[WhiteFideId "5200750"]
[White "Garcia Jan Emmanuel"]
[BlackFideId "14506688"]
[Black "Brkic Ante"]
[Result "0-1"]
[LiveChessVersion "1.4.8"]
[BlackElo "2565"]
[WhiteElo "2439"]

1. c4 {[%clk 1:30:53]} e6 {[%clk 1:27:36]} 2. Nf3 {[%clk 1:29:57]} d5
{[%clk 1:28:00]} 3. g3 {[%clk 1:30:14]} dxc4 {[%clk 1:27:14]} 4. Qa4+
{[%clk 1:29:21]} Bd7 {[%clk 1:23:57]} 5. Qxc4 {[%clk 1:29:36]} c5
{[%clk 1:24:20]} 6. Ne5 {[%clk 1:25:26]} Nc6 {[%clk 1:24:29]} 7. Nxd7
{[%clk 1:24:35]} Qxd7 {[%clk 1:24:57]} 8. Bg2 {[%clk 1:24:40]} Nf6
{[%clk 1:25:16]} 9. Qa4 {[%clk 1:17:49]} Rc8 {[%clk 1:22:56]} 10. Nc3
{[%clk 1:16:22]} Be7 {[%clk 1:22:43]} 11. d3 {[%clk 1:15:22]} O-O
{[%clk 1:22:09]} 12. O-O {[%clk 1:15:31]} Rfd8 {[%clk 1:22:27]} 13. Be3
{[%clk 1:07:21]} b6 {[%clk 1:20:55]} 14. Rfc1 {[%clk 1:06:06]} Ne8
{[%clk 1:07:47]} 15. Bxc6 {[%clk 0:45:56]} Rxc6 {[%clk 1:03:46]} 16. Nb5
{[%clk 0:44:44]} Rcc8 {[%clk 0:47:48]} 17. Qa6 {[%clk 0:40:54]} Nf6
{[%clk 0:39:29]} 18. Rc4 {[%clk 0:34:43]} Nd5 {[%clk 0:38:43]} 19. Bd2
{[%clk 0:34:35]} h5 {[%clk 0:32:17]} 20. Rac1 {[%clk 0:19:27]} h4
{[%clk 0:32:27]} 21. d4 {[%clk 0:17:59]} h3 {[%clk 0:32:31]} 22. e4
{[%clk 0:16:50]} Nf6 {[%clk 0:32:07]} 23. f3 {[%clk 0:13:51]} e5 {[%clk 0:26:12]}
24. a4 {[%clk 0:05:53]} Nxe4 {[%clk 0:23:05]} 25. fxe4 {[%clk 0:05:05]} Qg4
{[%clk 0:23:27]} 26. R4c2 {[%clk 0:00:50]} Qxe4 {[%clk 0:15:57]} 27. Bh6
{[%clk 0:00:44]} cxd4 {[%clk 0:11:34]} 28. Qxc8 {[%clk 0:00:39]} Rxc8
{[%clk 0:11:58]} 29. Rxc8+ {[%clk 0:01:01]} Kh7 {[%clk 0:12:25]} 30. R8c2
{[%clk 0:01:16]} Kxh6 {[%clk 0:12:14]} 31. Rf2 {[%clk 0:01:44]} a6
{[%clk 0:11:09]} 32. Rc7 {[%clk 0:01:37]} Bg5 {[%clk 0:10:19]} 0-1

[Event "World Chess Olympiad 2018"]
[Site "Batumi"]
[Date "2018.09.26"]
[Round "3"]
[Board "4"]
[WhiteFideId "14509792"]
[White "Martinovic Sasa"]
[BlackFideId "5203953"]
[Black "Pascua Haridas"]
[Result "1-0"]
[LiveChessVersion "1.4.8"]
[BlackElo "2435"]
[WhiteElo "2567"]

1. d4 {[%clk 1:30:59]} Nf6 {[%clk 1:30:40]} 2. c4 {[%clk 1:31:26]} c5
{[%clk 1:30:03]} 3. d5 {[%clk 1:31:52]} e6 {[%clk 1:30:27]} 4. Nc3
{[%clk 1:32:13]} exd5 {[%clk 1:30:49]} 5. cxd5 {[%clk 1:32:39]} d6
{[%clk 1:31:07]} 6. e4 {[%clk 1:32:59]} g6 {[%clk 1:28:53]} 7. f4
{[%clk 1:33:23]} Bg7 {[%clk 1:18:54]} 8. Bb5+ {[%clk 1:33:45]} Nfd7
{[%clk 1:18:32]} 9. a4 {[%clk 1:34:04]} O-O {[%clk 1:18:10]} 10. Nf3
{[%clk 1:34:30]} Na6 {[%clk 1:15:04]} 11. O-O {[%clk 1:34:52]} Nb4
{[%clk 1:13:28]} 12. Be3 {[%clk 1:33:45]} Nf6 {[%clk 1:04:18]} 13. h3
{[%clk 1:28:59]} a6 {[%clk 1:02:35]} 14. Bc4 {[%clk 1:28:18]} Nxe4
{[%clk 0:41:37]} 15. Nxe4 {[%clk 1:28:40]} Re8 {[%clk 0:42:04]} 16. Ne5
{[%clk 1:28:49]} b6 {[%clk 0:40:34]} 17. Ng5 {[%clk 1:04:42]} f6 {[%clk 0:38:26]}
18. Ne6 {[%clk 0:42:32]} Bxe6 {[%clk 0:38:10]} 19. dxe6 {[%clk 0:42:52]} d5
{[%clk 0:38:26]} 20. Nc6 {[%clk 0:30:14]} Nxc6 {[%clk 0:38:21]} 21. Bxd5
{[%clk 0:30:31]} Qd6 {[%clk 0:21:39]} 22. f5 {[%clk 0:27:58]} Rac8
{[%clk 0:19:29]} 23. fxg6 {[%clk 0:19:46]} Nd4 {[%clk 0:15:32]} 24. gxh7+
{[%clk 0:13:38]} Kh8 {[%clk 0:15:53]} 25. Bxd4 {[%clk 0:13:49]} cxd4
{[%clk 0:15:51]} 26. Qxd4 {[%clk 0:09:04]} Rxe6 {[%clk 0:15:22]} 27. Rad1
{[%clk 0:08:28]} Re5 {[%clk 0:09:13]} 28. Bb7 {[%clk 0:06:45]} Qxd4+
{[%clk 0:08:47]} 29. Rxd4 {[%clk 0:07:14]} Rb8 {[%clk 0:08:57]} 30. Bxa6
{[%clk 0:05:05]} Kxh7 {[%clk 0:08:59]} 31. Rd7 {[%clk 0:04:34]} Kg8
{[%clk 0:07:11]} 32. Bc4+ {[%clk 0:04:08]} Kh8 {[%clk 0:07:02]} 33. Rf4
{[%clk 0:04:21]} Rh5 {[%clk 0:07:13]} 34. Rg4 {[%clk 0:02:46]} Bh6
{[%clk 0:07:30]} 35. Re4 {[%clk 0:01:44]} Bf8 {[%clk 0:07:28]} 36. b3
{[%clk 0:01:21]} Bc5+ {[%clk 0:07:41]} 37. Kh2 {[%clk 0:00:54]} Rf8
{[%clk 0:04:35]} 38. g4 {[%clk 0:00:38]} Rh7 {[%clk 0:04:02]} 39. Rd5
{[%clk 0:00:54]} Re7 {[%clk 0:03:54]} 40. Rxe7 {[%clk 0:30:37]} Bxe7
{[%clk 0:34:18]} 41. Rd7 {[%clk 0:29:00]} Bc5 {[%clk 0:34:30]} 42. Kg3
{[%clk 0:27:36]} Re8 {[%clk 0:34:45]} 43. Kf4 {[%clk 0:25:39]} Re5
{[%clk 0:32:54]} 44. Rb7 {[%clk 0:14:52]} Be3+ {[%clk 0:33:03]} 45. Kf3
{[%clk 0:15:14]} Bd4 {[%clk 0:32:34]} 46. h4 {[%clk 0:14:43]} Re3+
{[%clk 0:31:48]} 47. Kf4 {[%clk 0:14:33]} Re5 {[%clk 0:32:13]} 48. Rf7
{[%clk 0:12:32]} Rc5 {[%clk 0:31:32]} 49. Ke4 {[%clk 0:09:34]} Bb2
{[%clk 0:30:24]} 50. Bd5 {[%clk 0:09:40]} Bc3 {[%clk 0:29:43]} 51. Rd7
{[%clk 0:09:22]} b5 {[%clk 0:28:14]} 52. Kf5 {[%clk 0:09:02]} 1-0

[Event "World Chess Olympiad 2018"]
[Site "Batumi"]
[Date "2018.09.26"]
[Round "3"]
[Board "1"]
[WhiteFideId "14403803"]
[White "Kadric Denis"]
[BlackFideId "112275"]
[Black "Mareco Sandro"]
[Result "1-0"]
[LiveChessVersion "1.4.8"]
[BlackElo "2649"]
[WhiteElo "2543"]

1. e4 {[%clk 1:30:58]} c5 {[%clk 1:30:55]} 2. Nc3 {[%clk 1:31:25]} d6
{[%clk 1:31:12]} 3. f4 {[%clk 1:31:49]} g6 {[%clk 1:31:31]} 4. Nf3
{[%clk 1:32:16]} Bg7 {[%clk 1:31:56]} 5. Bb5+ {[%clk 1:32:45]} Bd7
{[%clk 1:32:19]} 6. Bc4 {[%clk 1:33:12]} Nc6 {[%clk 1:31:58]} 7. O-O
{[%clk 1:33:38]} Nd4 {[%clk 1:32:14]} 8. a4 {[%clk 1:33:43]} e6 {[%clk 1:27:51]}
9. Nxd4 {[%clk 1:24:46]} cxd4 {[%clk 1:28:08]} 10. Nb5 {[%clk 1:24:46]} Bc6
{[%clk 1:21:08]} 11. f5 {[%clk 1:19:47]} gxf5 {[%clk 1:17:36]} 12. exf5
{[%clk 1:20:15]} e5 {[%clk 1:17:57]} 13. Qh5 {[%clk 1:07:02]} d5 {[%clk 1:17:00]}
14. f6 {[%clk 1:07:29]} Bxf6 {[%clk 1:16:04]} 15. Bb3 {[%clk 1:07:40]} d3
{[%clk 0:52:07]} 16. cxd3 {[%clk 0:55:29]} a6 {[%clk 0:43:59]} 17. d4
{[%clk 0:55:55]} e4 {[%clk 0:37:14]} 18. Rxf6 {[%clk 0:51:46]} Qxf6
{[%clk 0:23:04]} 19. Nc7+ {[%clk 0:52:12]} Kd7 {[%clk 0:23:09]} 20. Nxa8
{[%clk 0:52:37]} Qxd4+ {[%clk 0:23:34]} 21. Kh1 {[%clk 0:53:05]} Qf2
{[%clk 0:19:37]} 22. Qh3+ {[%clk 0:51:29]} f5 {[%clk 0:17:34]} 23. Qe3
{[%clk 0:51:56]} Qf1+ {[%clk 0:17:19]} 24. Qg1 {[%clk 0:52:24]} Qxg1+
{[%clk 0:16:31]} 25. Kxg1 {[%clk 0:52:51]} Ne7 {[%clk 0:15:08]} 26. Nb6+
{[%clk 0:53:19]} Kc7 {[%clk 0:15:33]} 27. a5 {[%clk 0:53:47]} d4 {[%clk 0:16:00]}
28. Bc4 {[%clk 0:53:18]} f4 {[%clk 0:15:14]} 29. b3 {[%clk 0:53:21]} Rd8
{[%clk 0:15:24]} 30. Bb2 {[%clk 0:53:24]} Ng6 {[%clk 0:15:34]} 31. Rf1
{[%clk 0:52:26]} h5 {[%clk 0:09:11]} 32. Be2 {[%clk 0:50:34]} f3 {[%clk 0:05:48]}
33. gxf3 {[%clk 0:51:00]} Nf4 {[%clk 0:05:47]} 34. Bc4 {[%clk 0:51:27]} exf3
{[%clk 0:05:09]} 35. Re1 {[%clk 0:47:49]} Rd6 {[%clk 0:03:56]} 36. Re7+
{[%clk 0:47:43]} Kd8 {[%clk 0:04:18]} 37. Rg7 {[%clk 0:46:48]} 1-0

[Event "World Chess Olympiad 2018"]
[Site "Batumi"]
[Date "2018.09.26"]
[Round "3"]
[Board "2"]
[WhiteFideId "108049"]
[White "Flores Diego"]
[BlackFideId "922692"]
[Black "Stojanovic Dalibor"]
[Result "1-0"]
[LiveChessVersion "1.4.8"]
[BlackElo "2492"]
[WhiteElo "2621"]

1. c4 {[%clk 1:30:25]} Nf6 {[%clk 1:30:13]} 2. Nc3 {[%clk 1:28:32]} g6
{[%clk 1:29:34]} 3. e4 {[%clk 1:28:28]} d6 {[%clk 1:28:52]} 4. d4
{[%clk 1:28:22]} Bg7 {[%clk 1:28:14]} 5. Nf3 {[%clk 1:28:12]} O-O
{[%clk 1:27:37]} 6. Be2 {[%clk 1:28:04]} Bg4 {[%clk 1:24:07]} 7. Be3
{[%clk 1:27:12]} Nfd7 {[%clk 1:23:06]} 8. Rc1 {[%clk 1:15:19]} e5
{[%clk 1:20:49]} 9. d5 {[%clk 1:14:12]} a5 {[%clk 1:21:14]} 10. h4
{[%clk 1:12:13]} Bxf3 {[%clk 1:15:06]} 11. Bxf3 {[%clk 1:12:12]} f5
{[%clk 1:13:53]} 12. g4 {[%clk 0:58:38]} f4 {[%clk 1:09:33]} 13. Bd2
{[%clk 0:56:29]} h6 {[%clk 1:07:24]} 14. g5 {[%clk 0:48:16]} Nc5 {[%clk 0:56:18]}
15. gxh6 {[%clk 0:39:29]} Bxh6 {[%clk 0:53:18]} 16. Ke2 {[%clk 0:25:15]} Nbd7
{[%clk 0:45:16]} 17. Qc2 {[%clk 0:18:12]} Nf6 {[%clk 0:38:02]} 18. Na4
{[%clk 0:14:20]} b6 {[%clk 0:34:41]} 19. Nc3 {[%clk 0:11:25]} Kf7
{[%clk 0:33:14]} 20. Rcg1 {[%clk 0:10:13]} Rh8 {[%clk 0:30:43]} 21. Qb1
{[%clk 0:07:50]} Qd7 {[%clk 0:29:47]} 22. b3 {[%clk 0:06:44]} Rag8
{[%clk 0:19:34]} 23. Bc1 {[%clk 0:05:09]} Bf8 {[%clk 0:16:00]} 24. Ba3
{[%clk 0:05:26]} Na6 {[%clk 0:15:47]} 25. Bg2 {[%clk 0:04:24]} g5
{[%clk 0:13:30]} 26. hxg5 {[%clk 0:04:29]} Rxh1 {[%clk 0:13:28]} 27. Rxh1
{[%clk 0:03:06]} Qg4+ {[%clk 0:13:13]} 28. Bf3 {[%clk 0:03:33]} Qxg5
{[%clk 0:13:38]} 29. Qf1 {[%clk 0:03:56]} Bg7 {[%clk 0:09:36]} 30. Qh3
{[%clk 0:03:51]} Re8 {[%clk 0:10:05]} 31. Nb5 {[%clk 0:03:16]} Qg6
{[%clk 0:08:09]} 32. Kf1 {[%clk 0:02:58]} Kg8 {[%clk 0:08:00]} 33. Rg1
{[%clk 0:01:55]} Qf7 {[%clk 0:08:15]} 34. Bxd6 {[%clk 0:01:59]} cxd6
{[%clk 0:05:35]} 35. Nxd6 {[%clk 0:02:25]} Qf8 {[%clk 0:04:58]} 36. Nf5
{[%clk 0:02:37]} Re7 {[%clk 0:05:24]} 37. Nxe7+ {[%clk 0:01:44]} Qxe7
{[%clk 0:05:49]} 38. Qc8+ {[%clk 0:02:11]} 1-0

[Event "World Chess Olympiad 2018"]
[Site "Batumi"]
[Date "2018.09.26"]
[Round "3"]
[Board "3"]
[WhiteFideId "14402661"]
[White "Marjanovic Dejan"]
[BlackFideId "105309"]
[Black "Peralta Fernando"]
[Result "1/2-1/2"]
[LiveChessVersion "1.4.8"]
[BlackElo "2569"]
[WhiteElo "2382"]

1. d4 {[%clk 1:30:57]} Nf6 {[%clk 1:30:44]} 2. Nf3 {[%clk 1:31:14]} d5
{[%clk 1:30:54]} 3. c4 {[%clk 1:31:24]} e6 {[%clk 1:31:20]} 4. Nc3
{[%clk 1:31:23]} dxc4 {[%clk 1:31:44]} 5. e3 {[%clk 1:26:10]} a6 {[%clk 1:31:52]}
6. a4 {[%clk 1:20:59]} c5 {[%clk 1:31:55]} 7. Bxc4 {[%clk 1:20:52]} Nc6
{[%clk 1:32:18]} 8. O-O {[%clk 1:18:45]} Be7 {[%clk 1:32:24]} 9. Qe2
{[%clk 1:13:29]} cxd4 {[%clk 1:32:27]} 10. Rd1 {[%clk 1:13:32]} O-O
{[%clk 1:32:05]} 11. exd4 {[%clk 1:13:20]} Nd5 {[%clk 1:31:42]} 12. Qe4
{[%clk 1:03:46]} Nf6 {[%clk 1:19:31]} 13. Qe2 {[%clk 1:03:07]} Nd5
{[%clk 1:12:45]} 14. Qe4 {[%clk 1:03:19]} Nf6 {[%clk 1:03:09]} 1/2-1/2

[Event "World Chess Olympiad 2018"]
[Site "Batumi"]
[Date "2018.09.26"]
[Round "3"]
[Board "4"]
[WhiteFideId "110973"]
[White "Pichot Alan"]
[BlackFideId "14407701"]
[Black "Burovic Rijad"]
[Result "1-0"]
[LiveChessVersion "1.4.8"]
[BlackElo "2380"]
[WhiteElo "2562"]

1. e4 {[%clk 1:30:57]} e6 {[%clk 1:30:31]} 2. d4 {[%clk 1:31:12]} d5
{[%clk 1:30:40]} 3. Nc3 {[%clk 1:31:26]} Bb4 {[%clk 1:30:58]} 4. e5
{[%clk 1:31:38]} Ne7 {[%clk 1:31:10]} 5. a3 {[%clk 1:31:41]} Bxc3+
{[%clk 1:31:18]} 6. bxc3 {[%clk 1:32:04]} b6 {[%clk 1:31:08]} 7. Qg4
{[%clk 1:31:42]} Kf8 {[%clk 1:31:24]} 8. h4 {[%clk 1:30:45]} Ba6 {[%clk 1:30:36]}
9. h5 {[%clk 1:29:58]} h6 {[%clk 1:30:53]} 10. Bxa6 {[%clk 1:25:20]} Nxa6
{[%clk 1:31:16]} 11. Rh3 {[%clk 1:19:00]} Rc8 {[%clk 1:09:46]} 12. Rf3
{[%clk 1:13:11]} Kg8 {[%clk 1:09:20]} 13. Ne2 {[%clk 1:04:36]} c5
{[%clk 1:07:17]} 14. Rf6 {[%clk 0:49:31]} Kf8 {[%clk 0:45:26]} 15. Rf4
{[%clk 0:49:20]} Kg8 {[%clk 0:43:13]} 16. Qf3 {[%clk 0:42:29]} Qe8
{[%clk 0:32:30]} 17. Qd3 {[%clk 0:35:02]} Nb8 {[%clk 0:30:00]} 18. Bd2
{[%clk 0:28:47]} Nbc6 {[%clk 0:26:29]} 19. Qb5 {[%clk 0:18:59]} Qd8
{[%clk 0:23:13]} 20. Be3 {[%clk 0:15:50]} cxd4 {[%clk 0:21:42]} 21. cxd4
{[%clk 0:16:09]} Na5 {[%clk 0:21:38]} 22. c3 {[%clk 0:15:13]} Qe8
{[%clk 0:18:26]} 23. Qxe8+ {[%clk 0:12:33]} Rxe8 {[%clk 0:18:50]} 24. Nc1
{[%clk 0:09:34]} Rc8 {[%clk 0:13:54]} 25. Bd2 {[%clk 0:09:59]} Rf8
{[%clk 0:10:37]} 26. Nd3 {[%clk 0:09:35]} Nec6 {[%clk 0:09:40]} 27. Ra2
{[%clk 0:07:48]} Nc4 {[%clk 0:08:09]} 28. Bc1 {[%clk 0:08:06]} N6a5
{[%clk 0:06:24]} 29. Rg4 {[%clk 0:06:52]} Kh7 {[%clk 0:05:58]} 30. Rf4
{[%clk 0:05:58]} Nb3 {[%clk 0:05:13]} 31. Be3 {[%clk 0:05:53]} f6
{[%clk 0:04:21]} 32. exf6 {[%clk 0:05:39]} gxf6 {[%clk 0:04:24]} 33. Re2
{[%clk 0:05:13]} e5 {[%clk 0:03:26]} 34. Rf5 {[%clk 0:05:30]} Nd6
{[%clk 0:03:15]} 35. Rxf6 {[%clk 0:05:18]} Rxf6 36. dxe5 Re6 {[%clk 0:01:21]} 37.
exd6 {[%clk 0:06:16]} Rhe8 {[%clk 0:00:56]} 38. d7 {[%clk 0:01:24]} Rd8
{[%clk 0:00:59]} 39. Nf4 {[%clk 0:01:50]} Re5 {[%clk 0:00:36]} 40. Kf1
{[%clk 0:31:09]} Rxd7 {[%clk 0:30:48]} 41. Rb2 {[%clk 0:31:37]} Na5
{[%clk 0:28:52]} 42. Bd4 {[%clk 0:30:14]} Nc4 {[%clk 0:24:54]} 43. Ra2
{[%clk 0:30:00]} Re4 {[%clk 0:23:12]} 44. g3 {[%clk 0:29:59]} Re8
{[%clk 0:17:30]} 45. Kg2 {[%clk 0:25:03]} Na5 {[%clk 0:17:10]} 46. f3
{[%clk 0:24:02]} Nb3 {[%clk 0:16:06]} 47. Bf2 {[%clk 0:22:22]} Rc8
{[%clk 0:13:38]} 48. Rb2 {[%clk 0:21:37]} Na5 {[%clk 0:13:57]} 49. Bd4
{[%clk 0:21:03]} Nc4 {[%clk 0:06:38]} 50. Rb3 {[%clk 0:19:46]} Re8
{[%clk 0:06:16]} 51. a4 {[%clk 0:18:58]} Kg8 {[%clk 0:05:16]} 52. Rb5
{[%clk 0:17:31]} Kf7 {[%clk 0:04:30]} 53. g4 {[%clk 0:16:41]} Re1
{[%clk 0:04:09]} 54. Rxd5 {[%clk 0:13:07]} Rxd5 {[%clk 0:03:46]} 55. Nxd5
{[%clk 0:13:36]} Ke6 {[%clk 0:01:57]} 56. Nf4+ {[%clk 0:12:38]} Kf7
{[%clk 0:02:26]} 57. Nd5 {[%clk 0:12:47]} Ke6 {[%clk 0:02:56]} 58. Nf4+
{[%clk 0:10:39]} Kf7 {[%clk 0:03:25]} 59. g5 {[%clk 0:09:39]} hxg5
{[%clk 0:02:37]} 60. Nh3 {[%clk 0:10:08]} Ke6 {[%clk 0:01:45]} 61. h6
{[%clk 0:08:23]} Kf5 {[%clk 0:00:52]} 62. h7 {[%clk 0:08:40]} Re8
{[%clk 0:01:06]} 63. h8=Q {[%clk 0:08:52]} Rxh8 {[%clk 0:01:31]} 64. Bxh8
{[%clk 0:09:19]} Nb2 {[%clk 0:01:46]} 65. Nf2 {[%clk 0:02:23]} Nxa4
{[%clk 0:01:15]} 66. Bd4 {[%clk 0:02:07]} Nb2 {[%clk 0:00:43]} 67. Ng4
{[%clk 0:02:16]} Ke6 {[%clk 0:00:34]} 68. Ne3 {[%clk 0:02:16]} Kf7
{[%clk 0:00:33]} 69. Kg3 {[%clk 0:02:23]} Nd3 {[%clk 0:00:36]} 70. Kg4
{[%clk 0:02:34]} Kg6 {[%clk 0:00:44]} 71. Nc4 {[%clk 0:02:50]} Kh6
{[%clk 0:00:33]} 72. Ne5 {[%clk 0:02:45]} Nb2 {[%clk 0:00:33]} 73. Nf7+
{[%clk 0:02:27]} Kg6 {[%clk 0:00:33]} 74. Nxg5 {[%clk 0:02:50]} Nc4
{[%clk 0:00:40]} 75. f4 {[%clk 0:03:07]} Nd6 {[%clk 0:00:53]} 76. Nf3
{[%clk 0:03:25]} Nb5 {[%clk 0:00:33]} 77. f5+ {[%clk 0:03:44]} Kf7
{[%clk 0:00:46]} 78. Kg5 {[%clk 0:04:06]} a5 {[%clk 0:01:02]} 79. Ne5+
{[%clk 0:04:09]} Kg8 {[%clk 0:00:35]} 80. f6 {[%clk 0:04:25]} a4 {[%clk 0:00:44]}
81. Kg6 {[%clk 0:04:33]} Nd6 {[%clk 0:00:52]} 1-0